ADVANCED ALGEBRA (Record no. 10193)
[ view plain ]
| 000 -LEADER | |
|---|---|
| fixed length control field | 00282nam a22001337a 4500 |
| 003 - CONTROL NUMBER IDENTIFIER | |
| control field | SGT |
| 082 ## - DEWEY DECIMAL CLASSIFICATION NUMBER | |
| Classification number | PAL 512 |
| 100 ## - MAIN ENTRY--PERSONAL NAME | |
| Personal name | PAL,MADHUMANGAL |
| 245 ## - TITLE STATEMENT | |
| Title | ADVANCED ALGEBRA |
| 260 ## - PUBLICATION, DISTRIBUTION, ETC. (IMPRINT) | |
| Place of publication, distribution, etc | NEW DELHI |
| Name of publisher, distributor, etc | PHI |
| Year of Publication | 2013 |
| 300 ## - PAGE DESCRIPTION | |
| No. of Pages | 620 |
| 650 ## - SUBJECT ADDED ENTRY--TOPICAL TERM | |
| Topical term or geographic name as entry element | ALGEBRA, MATHEMATICS |
| 942 ## - ADDED ENTRY ELEMENTS (KOHA) | |
| Source of classification or shelving scheme | Dewey Decimal Classification |
| Koha item type | FPS Books |
| 942 ## - ADDED ENTRY ELEMENTS (KOHA) | |
| -- | 1 |
| Withdrawn status | Lost status | Source of classification or shelving scheme | Damaged status | Not for loan | Collection code | Home library | Current library | Shelving location | Date acquired | Vendor Name | Cost, normal purchase price | SGTU | Bill Number | Total Checkouts | Full call number | Accession No. (Barcode) | Date last seen | Date last borrowed | Bill Date | Koha item type |
|---|---|---|---|---|---|---|---|---|---|---|---|---|---|---|---|---|---|---|---|---|
| Dewey Decimal Classification | SCIENCE | SGT Science & Social Sciences Library | SGT Science & Social Sciences Library | Text Book | 13/12/2016 | UNIVERSAL BOOK | 495.00 | SGTU | 337 | 12 | PAL 512 | PS2992 | 01/02/2021 | 04/01/2021 | 20/10/2016 | FPS Books | ||||
| Withdrawn | Dewey Decimal Classification | SCIENCE | SGT Science & Social Sciences Library | SGT Science & Social Sciences Library | Text Book | 13/12/2016 | UNIVERSAL BOOK | 495.00 | SGTU | 337 | PAL 512 | PS2993 | 13/12/2016 | 20/10/2016 | FPS Books | |||||
| Dewey Decimal Classification | SCIENCE | SGT Science & Social Sciences Library | SGT Science & Social Sciences Library | Text Book | 13/12/2016 | UNIVERSAL BOOK | 495.00 | SGTU | 337 | 12 | PAL 512 | PS2994 | 19/08/2025 | 05/08/2025 | 20/10/2016 | FPS Books |